| 000 | 00642 a2200193 4500 | ||
|---|---|---|---|
| 001 | 126355 | ||
| 020 | _a9788515010240 | ||
| 040 | _cEscola Canadense de Niteroi | ||
| 090 | _aG2 - ALB | ||
| 100 | _aAlbergaria, Lino de | ||
| 245 | 1 | 0 | _aA Galinha do Vizinho e a Vaca Amarela |
| 250 | _a1.ed. | ||
| 260 | _aSão Paulo | ||
| 300 |
_bil. _c8 x 0.3 x 21 |
||
| 362 | 0 | _a1994 | |
| 520 | _aEste livro mostra o dia de D. Daga, uma simpática velhinha que conversa com os vizinhos e até mesmo com os botões da camisa. Acompanhe esta história nas páginas deste livro rico em ilustrações. | ||
| 650 | 4 | _aLiteratura Infantil | |
| 942 | _cBK | ||
| 999 |
_c126355 _d126355 |
||